Представление документа в формате RUSMARC

ПолеНазваниеЗначение
  Тип записи a
  Библиографический уровень m
001 Контрольный номер RU/SLIB/B/208740537
005 Дата корректировки 20201206204054.3
010 Индекс ISBN __
d Цена 1500-00
101 Язык документа __
a Язык текста rus
200 Заглавие и сведения об ответственности __
a Заглавие Ремонт и реставрация мебели
b Общее обозначение материала Текст
210 Выходные данные __
a Место издания М.
c Издательство Высш. шк.
d Дата издания 1994
215 Физическое описание __
a Объем 108 с.
606 Тематические рубрики __
a Основная рубрика Производство мебели
610 Ключевые слова __
a Ключевые слова ремонт; реставрация
686 Индексы других классификаций __
a Классификационный индекс 37.134.1; ст37.1
700 Автор __
a Фамилия Матвеева
b Имя Т. А.
4 Код отношения 070
801 Источник записи _0
a Страна RU
b Организация Муниципальное бюджетное учреждение культуры "Централизованная библиотечная система" г. Сургут (Центральная городская библиотека им. А. С. Пушкина)
g Правила каталогизации КиК/Елгина
801 Источник записи _1
a Страна RU
b Организация Муниципальное бюджетное учреждение культуры "Централизованная библиотечная система" г. Сургут (Центральная городская библиотека им. А. С. Пушкина)
g Правила каталогизации КиК/Елгина
852 Данные о местонахождении __
j Шифр хранения 37.134.1
c Каталожный индекс 37.134.1
i Авторский знак М 33
p Инвентарный номер 52956
901 Тип документа __
t Тип документа m
990 Данные о заказе (DOS) __
j Количество экземпляров (DOS) 2